000 00490cam a22002052a 4500
001 014959
003 AR-FADEU
008 311216n1964####xxu####################dd
020 _a0-553-20348-7
092 _a813.54
_bS165f
100 _aSalinger, J. D.
245 _aFranny and Zooey
260 _aNew York
260 _bBantam Books
260 _c1964
300 _a202 p
650 _aLITERATURA ESTADOUNIDENSE-SIGLO XX; NOVELA/REVISADO/
546 _aInglés
942 _cBDGR
999 _c20718
_d20718